000 00481nam a2200169Ia 4500
008 240729s9999 xx 000 0 und d
022 _a2813-4974
245 0 _aFrontiers in Batteries and Electrochemistry
260 _aSwitzerland
260 _bFrontiers Media S.A.
650 _a Chemical technology
650 _a Industrial electrochemistry
650 _aTechnology
856 _uhttps://doaj.org/toc/2a21999f28ee43c7b2b3a1ba26876782
942 _2ddc
942 _cDOAJEJ
999 _c66955
_d66955
945 _a1
_bMadushi Gamage
_c1
_dMadushi Gamage